| 000 | 00936nam a2200217 ar4500 | ||
|---|---|---|---|
| 001 | 4796 | ||
| 005 | 20221127091035.0 | ||
| 008 | 180205s su a 00110 ara d | ||
| 020 | _a9786035075466(غلاف ورقي) | ||
| 082 | 0 | 4 |
_a378.0014 _bهـ541 |
| 100 | 1 | _aهايلاند، كين. | |
| 245 | 1 | 2 |
_aالخطاب الاكاديمي / _cتاليفKen Hyland ؛ ترجمة سلطان بن حسين الحربي. |
| 260 |
_aالرياض : _bدار جامعة الملك سعود للنشر، _c2017. |
||
| 300 |
_aأ- ف، 341 ص. : _bايض. ؛ _c24 سم. |
||
| 500 | _aترجمة لكتاب: Academic discourse / Ken Hyland, 2009. | ||
| 504 | _aيتضمن ارجاعات ببليوجرافية وكشاف. | ||
| 650 | 4 |
_aالتعليم العالي _xطرق البحث. |
|
| 650 | 4 |
_aاللغات _xمختصرات ورموز. |
|
| 650 | 4 | _aالكتابة، علم. | |
| 700 | 0 |
_aالحربي، سلطان بن حسين، _eمترجم. |
|
| 999 |
_c4794 _d4794 |
||